[Event "Winnipeg TNT May op"]
[Site "Winnipeg"]
[Date "2001.05.29"]
[Round "5"]
[White "Pilotte, Rick"]
[Black "Milord, Frank"]
[Result "1-0"]
[WhiteElo "100"]
[BlackElo "1768"]
[PlyCount "83"]
[EventDate "2001.05.??"]
[EventType "swiss"]
[EventRounds "5"]
[EventCountry "CAN"]
[SourceTitle "EXT 2005"]
[Source "ChessBase"]
[SourceDate "2004.11.15"]
[SourceVersion "1"]
[SourceVersionDate "2004.11.15"]
[SourceQuality "1"]

1. e4 d6 2. d4 Nf6 3. Nc3 g6 4. Be3 c6 5. Nf3 b5 6. b4 a5 7. a3 Bg7 8. Be2 0-0 9. 0-0 Nbd7 10. Bd3 axb4 11. axb4 Bb7 12. Nd2 Rxa1 13. Qxa1 Ng4 14. Qe1 c5 15. bxc5 b4 16. Nd1 dxc5 17. Nb3 Qc7 18. g3 c4 19. Bxc4 Qxc4 20. Na5 Qa6 21. Nxb7 Qxb7 22. e5 Nxe3 23. Nxe3 e6 24. Qb1 Rb8 25. Qb3 Qe4 26. c3 bxc3 27. Qxc3 Qb7 28. h4 h5 29. Rd1 Bh6 30. f4 Rc8 31. Qd3 Qf3 32. Kh2 Qc6 33. Rd2 Qc3 34. Qe2 Qa1 35. d5 exd5 36. Nxd5 Rc1 37. Kg2 Rg1+ 38. Kf2 Qa7+ 39. Ne3 Rh1 40. Qf3 Rh2+ 41. Ke1 Qa8 42. Qxa8+ 1-0

[Event "Winnipeg Easter op"]
[Site "Winnipeg"]
[Date "2001.04.20"]
[Round "1"]
[White "Remillard, John"]
[Black "Pilotte, Rick"]
[Result "1-0"]
[WhiteElo "1595"]
[BlackElo "100"]
[PlyCount "47"]
[EventDate "2001.04.??"]
[EventType "swiss"]
[EventRounds "5"]
[EventCountry "CAN"]
[SourceTitle "EXT 2005"]
[Source "ChessBase"]
[SourceDate "2004.11.15"]
[SourceVersion "1"]
[SourceVersionDate "2004.11.15"]
[SourceQuality "1"]

1. b4 e5 2. Bb2 d6 3. g3 Nc6 4. b5 Na5 5. Bg2 a6 6. a4 Nc4 7. Bc3 axb5 8. d3 Nb6 9. axb5 Rxa1 10. Bxa1 Be6 11. Bxb7 Ne7 12. c4 Qb8 13. Bg2 g6 14. Nf3 Bg7 15. 0-0 0-0 16. Nc3 Bf6 17. Qc2 c6 18. Rb1 d5 19. bxc6 Nxc6 20. cxd5 Bxd5 21. Nxd5 Bd8 22. Qxc6 Qa7 23. Nxb6 Bxb6 24. Rxb6 1-0